[Event "CYCC U14"]
[Site "Vancouver CAN"]
[Date "2012.07.05"]
[Round "6"]
[White "Hewson, Andrew"]
[Black "Balachandran, Shesan"]
[Result "0-1"]
[WhiteElo "870"]
[BlackElo "1018"]
[PlyCount "36"]
[GameId "2160767909508904"]
[EventDate "2012.07.03"]
[EventType "swiss"]
[EventRounds "7"]
[EventCountry "CAN"]
[SourceTitle "EXT 2022"]
[Source "ChessBase"]
[SourceDate "2021.10.06"]
[SourceVersion "1"]
[SourceVersionDate "2021.10.06"]
[SourceQuality "1"]

1. e3 c6 2. Nh3 d5 3. c4 Nf6 4. b3 Bf5 5. Nc3 e6 6. cxd5 exd5 7. b4 Bxb4 8. Nb1 Bd6 9. Qa4 O-O 10. Bb2 Nbd7 11. Bxf6 Qxf6 12. Nc3 Rfe8 13. Be2 Nc5 14. O-O Nxa4 15. Rab1 Nxc3 16. Rxb7 Nxe2+ 17. Kh1 Bxh3 18. gxh3 Qf3# 0-1

[Event "CYCC U14"]
[Site "Vancouver CAN"]
[Date "2012.07.05"]
[Round "6"]
[White "Huneault, Nicholas"]
[Black "Raymond, Alex"]
[Result "0-1"]
[WhiteElo "1164"]
[BlackElo "921"]
[PlyCount "118"]
[GameId "2160767909508905"]
[EventDate "2012.07.03"]
[EventType "swiss"]
[EventRounds "7"]
[EventCountry "CAN"]
[SourceTitle "EXT 2022"]
[Source "ChessBase"]
[SourceDate "2021.10.06"]
[SourceVersion "1"]
[SourceVersionDate "2021.10.06"]
[SourceQuality "1"]

1. e4 g6 2. Nc3 Bg7 3. f4 e5 4. f5 gxf5 5. d3 fxe4 6. dxe4 Nf6 7. Bc4 O-O 8. Nf3 d6 9. Ng5 Bg4 10. Qd3 c6 11. Rf1 Bh5 12. Qh3 b5 13. Rxf6 Qxf6 14. Qxh5 h6 15. Bxf7+ Rxf7 16. Nxf7 Qxf7 17. Qg4 Nd7 18. Bxh6 Nf6 19. Qg3 Nh5 20. Qg5 Rf8 21. Bxg7 Nxg7 22. O-O-O Qf4+ 23. Qxf4 exf4 24. Rf1 Nh5 25. b3 b4 26. g4 fxg3 27. hxg3 Rxf1+ 28. Kd2 bxc3+ 29. Kxc3 Nxg3 30. Kd3 d5 31. e5 Re1 32. Kd4 Nf5+ 33. Kc5 Ne7 34. Kd6 Kf8 35. e6 d4 36. Kc5 Nf5 37. Kc4 Rxe6 38. c3 dxc3 39. Kxc3 Re2 40. a4 a5 41. b4 axb4+ 42. Kxb4 Re8 43. Kc5 Ra8 44. Kb4 c5+ 45. Kb5 c4 46. Kxc4 Rxa4+ 47. Kb3 Rd4 48. Kc3 Kf7 49. Kb2 Ke6 50. Kc3 Kd5 51. Kb3 Kc5 52. Kc3 Ng3 53. Kb3 Rc4 54. Ka3 Rb4 55. Ka2 Kc4 56. Ka3 Kc3 57. Ka2 Rb3 58. Ka1 Kc2 59. Ka2 Nh5 0-1

[Event "CYCC U14"]
[Site "Vancouver CAN"]
[Date "2012.07.05"]
[Round "6"]
[White "Kong, Dezheng"]
[Black "Shi, Diwen"]
[Result "1/2-1/2"]
[WhiteElo "2068"]
[BlackElo "1803"]
[PlyCount "67"]
[GameId "2160767909508906"]
[EventDate "2012.07.03"]
[EventType "swiss"]
[EventRounds "7"]
[EventCountry "CAN"]
[SourceTitle "EXT 2022"]
[Source "ChessBase"]
[SourceDate "2021.10.06"]
[SourceVersion "1"]
[SourceVersionDate "2021.10.06"]
[SourceQuality "1"]

1. d4 d5 2. Nf3 Nf6 3. c4 c6 4. Nc3 e6 5. e3 Nbd7 6. Qc2 Bd6 7. g4 Nxg4 8. Rg1 h5 9. h3 Nh6 10. e4 dxe4 11. Nxe4 Bb4+ 12. Bd2 Bxd2+ 13. Qxd2 Nf5 14. O-O-O Nf6 15. Re1 Nxe4 16. Rxe4 Bd7 17. Qf4 Qf6 18. Qc7 Qd8 19. Qe5 Qf6 20. Qc5 Qe7 21. Qa5 Rg8 22. Bd3 Qf6 23. Kb1 g6 24. c5 Ne7 25. Ne5 Nd5 26. Nc4 Ke7 27. Nd6 b6 28. Qa3 b5 29. Re5 Rgb8 30. Qa5 Kf8 31. Qd2 Ke7 32. Qa5 Kf8 33. Qd2 Ke7 34. Qa5 1/2-1/2

[Event "CYCC U14"]
[Site "Vancouver CAN"]
[Date "2012.07.05"]
[Round "6"]
[White "Kuttner, Simon"]
[Black "Herdin, Matthew"]
[Result "0-1"]
[WhiteElo "1777"]
[BlackElo "1923"]
[PlyCount "94"]
[GameId "2160767909508907"]
[EventDate "2012.07.03"]
[EventType "swiss"]
[EventRounds "7"]
[EventCountry "CAN"]
[SourceTitle "EXT 2022"]
[Source "ChessBase"]
[SourceDate "2021.10.06"]
[SourceVersion "1"]
[SourceVersionDate "2021.10.06"]
[SourceQuality "1"]

1. e4 d6 2. d4 Nf6 3. Nc3 g6 4. Nf3 Bg7 5. Be2 O-O 6. Be3 c6 7. O-O b5 8. a3 Bb7 9. Re1 Nbd7 10. Qd2 a6 11. Rad1 Qc7 12. Bh6 Rad8 13. Bxg7 Kxg7 14. Qe3 e5 15. dxe5 Nxe5 16. Nxe5 dxe5 17. b4 Rxd1 18. Rxd1 Rd8 19. Rxd8 Qxd8 20. Qd3 Qd4 21. Bf3 c5 22. bxc5 Qxc5 23. Ne2 Ne8 24. Qc3 Qxc3 25. Nxc3 Nd6 26. Kf1 Nc4 27. Nb1 f5 28. exf5 Bxf3 29. gxf3 gxf5 30. Kg2 a5 31. Kg3 f4+ 32. Kg2 Kf6 33. Kf1 b4 34. axb4 axb4 35. c3 b3 36. Ke2 Ke6 37. Kd3 Kd5 38. Ke2 e4 39. fxe4+ Kxe4 40. f3+ Kd5 41. Ke1 b2 42. Ke2 Ne5 43. Nd2 Kc5 44. Kd1 Nxf3 45. Nb1 Ne5 46. Kc2 Nc4 47. Kd3 f3 0-1

[Event "CYCC U14"]
[Site "Vancouver CAN"]
[Date "2012.07.05"]
[Round "6"]
[White "Li, Yinshi"]
[Black "Plotkin, Mark"]
[Result "1-0"]
[WhiteElo "1857"]
[BlackElo "1976"]
[PlyCount "123"]
[GameId "2160767909508908"]
[EventDate "2012.07.03"]
[EventType "swiss"]
[EventRounds "7"]
[EventCountry "CAN"]
[SourceTitle "EXT 2022"]
[Source "ChessBase"]
[SourceDate "2021.10.06"]
[SourceVersion "1"]
[SourceVersionDate "2021.10.06"]
[SourceQuality "1"]

1. d4 Nf6 2. c4 g6 3. Nc3 d5 4. cxd5 Nxd5 5. g3 Bg7 6. Bg2 Nxc3 7. bxc3 O-O 8. e3 c5 9. Ne2 Nc6 10. O-O cxd4 11. cxd4 e5 12. Ba3 Re8 13. d5 Na5 14. Rc1 Bd7 15. Qd2 Bb5 16. Rfe1 Nc4 17. Qb4 Nxa3 18. Qxa3 Bf8 19. Qb3 Ba6 20. Nc3 Bd6 21. Ne4 Qe7 22. Nxd6 Qxd6 23. e4 Rac8 24. Bh3 Rc5 25. Rc3 Re7 26. Rec1 Rec7 27. Bg4 Qe7 28. Kg2 Qd6 29. Kg1 h5 30. Bf3 b6 31. Kg2 Kh7 32. Bd1 h4 33. Bg4 Bb7 34. Rxc5 Rxc5 35. Rxc5 Qxc5 36. Qa4 b5 37. Qa5 f5 38. Qd8 fxg4 39. Qd7+ Kh6 40. Qxb7 h3+ 41. Kf1 Qc2 42. Ke1 Qxe4+ 43. Kd2 Qf3 44. Qxa7 Qxd5+ 45. Ke2 Qe4+ 46. Kd2 Qf3 47. Qe3+ g5 48. Qxf3 gxf3 49. Ke3 Kg6 50. Kxf3 Kf5 51. g4+ Ke6 52. Ke4 b4 53. f3 Kd6 54. Kf5 Kd5 55. Kxg5 e4 56. fxe4+ Kxe4 57. Kh4 Kd3 58. g5 Kc2 59. g6 Kb2 60. g7 Ka1 61. g8=Q b3 62. axb3 1-0

[Event "CYCC U14"]
[Site "Vancouver CAN"]
[Date "2012.07.05"]
[Round "6"]
[White "Rahemtulla, Adam"]
[Black "Thanabalachandran, Kajan"]
[Result "0-1"]
[WhiteElo "1332"]
[BlackElo "1509"]
[PlyCount "34"]
[GameId "2160767909508909"]
[EventDate "2012.07.03"]
[EventType "swiss"]
[EventRounds "7"]
[EventCountry "CAN"]
[SourceTitle "EXT 2022"]
[Source "ChessBase"]
[SourceDate "2021.10.06"]
[SourceVersion "1"]
[SourceVersionDate "2021.10.06"]
[SourceQuality "1"]

1. e4 c5 2. Nf3 e6 3. d4 cxd4 4. Nxd4 Nf6 5. Nc3 Qb6 6. Ndb5 Bc5 7. Qf3 a6 8. Na3 Nc6 9. Nc4 Qc7 10. Bf4 d6 11. Bd3 O-O 12. O-O e5 13. Bg5 Nd4 14. Qg3 Qd8 15. Nd5 Nxe4 16. Kh1 Nxg3+ 17. fxg3 Qxg5 0-1

[Event "CYCC U14"]
[Site "Vancouver CAN"]
[Date "2012.07.05"]
[Round "6"]
[White "Sun, Ziyao"]
[Black "Rathburn, Hector"]
[Result "1/2-1/2"]
[WhiteElo "1251"]
[BlackElo "1671"]
[PlyCount "70"]
[GameId "2160767909508910"]
[EventDate "2012.07.03"]
[EventType "swiss"]
[EventRounds "7"]
[EventCountry "CAN"]
[SourceTitle "EXT 2022"]
[Source "ChessBase"]
[SourceDate "2021.10.06"]
[SourceVersion "1"]
[SourceVersionDate "2021.10.06"]
[SourceQuality "1"]

1. d4 Nf6 2. Nc3 d6 3. e4 g6 4. Bd3 Bg7 5. Nf3 O-O 6. Bg5 Bg4 7. h3 Bxf3 8. Qxf3 Nc6 9. Qe3 e5 10. dxe5 Nxe5 11. O-O-O c6 12. f4 Nxd3+ 13. Rxd3 h6 14. Bh4 Qc7 15. Rhd1 Rfd8 16. e5 dxe5 17. Rxd8+ Rxd8 18. Rxd8+ Qxd8 19. fxe5 Nd5 20. Qd4 Bxe5 21. Qxe5 Qxh4 22. Nxd5 cxd5 23. Qxd5 Qe1+ 24. Qd1 Qe3+ 25. Kb1 Qf2 26. Qh1 Kg7 27. b3 Qg3 28. Qg1 b6 29. Qd4+ Kg8 30. Qe4 a5 31. a4 Qd6 32. Qd3 Qb4 33. Qe3 Qd6 34. Qd3 Qb4 35. Qe3 Qd6 1/2-1/2

[Event "CYCC U14"]
[Site "Vancouver CAN"]
[Date "2012.07.05"]
[Round "6"]
[White "Wang, Richard"]
[Black "Cui, Karl"]
[Result "1-0"]
[WhiteElo "2427"]
[BlackElo "852"]
[PlyCount "87"]
[GameId "2160767909508911"]
[EventDate "2012.07.03"]
[EventType "swiss"]
[EventRounds "7"]
[EventCountry "CAN"]
[SourceTitle "EXT 2022"]
[Source "ChessBase"]
[SourceDate "2021.10.06"]
[SourceVersion "1"]
[SourceVersionDate "2021.10.06"]
[SourceQuality "1"]

1. d4 d5 2. Nf3 c6 3. c4 Nf6 4. e3 Bf5 5. Nc3 dxc4 6. Bxc4 e6 7. O-O Nbd7 8. Qe2 Qc7 9. h3 h6 10. e4 Bh7 11. Bd2 Be7 12. Rac1 O-O 13. e5 Ne8 14. Ne4 Rd8 15. Rfd1 c5 16. dxc5 Nxe5 17. b4 Nxc4 18. Qxc4 Bxe4 19. Qxe4 Nf6 20. Qe2 Nd5 21. Ne5 a6 22. Rc4 Rc8 23. Rb1 Rfe8 24. Rb3 f5 25. Rg3 Bf6 26. Nd3 Kh7 27. Qh5 b5 28. Rc1 f4 29. Rg4 e5 30. Re1 g5 31. h4 Rg8 32. hxg5 Bxg5 33. Nxe5 Nf6 34. Qh3 Nxg4 35. Qd3+ Kg7 36. Nxg4 Rge8 37. Bc3+ Kf8 38. Be5 Rcd8 39. Bd6+ Rxd6 40. Rxe8+ Kxe8 41. cxd6 Qc4 42. Qg6+ Kd8 43. Ne5 Qxa2 44. Qg7 1-0

[Event "CYCC U14"]
[Site "Vancouver CAN"]
[Date "2012.07.05"]
[Round "6"]
[White "Washimkar, Atharva"]
[Black "Kuehfuss, Noah"]
[Result "1-0"]
[WhiteElo "1417"]
[BlackElo "1033"]
[PlyCount "45"]
[GameId "2160767909508912"]
[EventDate "2012.07.03"]
[EventType "swiss"]
[EventRounds "7"]
[EventCountry "CAN"]
[SourceTitle "EXT 2022"]
[Source "ChessBase"]
[SourceDate "2021.10.06"]
[SourceVersion "1"]
[SourceVersionDate "2021.10.06"]
[SourceQuality "1"]

1. e4 e5 2. Nf3 Nc6 3. Bc4 Bc5 4. b4 Bxb4 5. c3 Ba5 6. d4 exd4 7. O-O dxc3 8. Qb3 Nh6 9. Bxh6 gxh6 10. Bxf7+ Kf8 11. Bd5 b6 12. Ne5 Nxe5 13. Bxa8 Ba6 14. Qa3+ d6 15. Rc1 Qxa8 16. Nxc3 Bb7 17. Nb5 c5 18. Nxd6 Bxe4 19. Qb2 Qd5 20. Rd1 Qc6 21. Qxe5 Bxg2 22. Qf6+ Kg8 23. Qf7# 1-0

[Event "CYCC U14"]
[Site "Vancouver CAN"]
[Date "2012.07.05"]
[Round "6"]
[White "Zhang, Yutong"]
[Black "Hunter, Harold"]
[Result "1-0"]
[WhiteElo "1843"]
[BlackElo "1154"]
[PlyCount "97"]
[GameId "2160767909508913"]
[EventDate "2012.07.03"]
[EventType "swiss"]
[EventRounds "7"]
[EventCountry "CAN"]
[SourceTitle "EXT 2022"]
[Source "ChessBase"]
[SourceDate "2021.10.06"]
[SourceVersion "1"]
[SourceVersionDate "2021.10.06"]
[SourceQuality "1"]

1. e4 d5 2. exd5 Qxd5 3. Nc3 Qe5+ 4. Qe2 Qxe2+ 5. Bxe2 Be6 6. Nf3 Bg4 7. h3 Bxf3 8. Bxf3 c6 9. Nb5 Na6 10. Na3 Rc8 11. c3 e6 12. Nc2 Nf6 13. O-O Bd6 14. d4 h6 15. Re1 Nc7 16. Ne3 O-O 17. Nc4 Nb5 18. a4 Rfe8 19. axb5 Bb8 20. bxc6 bxc6 21. Ne3 h5 22. Nc2 e5 23. dxe5 Kh8 24. exf6 g6 25. Rxe8+ Rxe8 26. Ne3 Kh7 27. Bxc6 Re6 28. Bf3 Kh6 29. Nd5+ Kh7 30. Be3 Kh8 31. g3 Kg8 32. Bxa7 Bd6 33. Ne7+ Kh7 34. Bd4 Kh6 35. h4 Kh7 36. Ra8 Be5 37. Bxe5 Rxe5 38. Ra6 Re1+ 39. Kg2 Rb1 40. b4 Rb3 41. Nd5 Kh6 42. Ra7 g5 43. hxg5+ Kxg5 44. Rxf7 Kf5 45. Rg7 Rb2 46. f7 Rxf2+ 47. Kxf2 Ke5 48. f8=Q h4 49. Qf6# 1-0

[Event "CYCC U14"]
[Site "Vancouver CAN"]
[Date "2012.07.05"]
[Round "7"]
[White "Doknjas, John"]
[Black "Wang, Richard"]
[Result "0-1"]
[WhiteElo "1990"]
[BlackElo "2427"]
[PlyCount "74"]
[GameId "2160767909508914"]
[EventDate "2012.07.03"]
[EventType "swiss"]
[EventRounds "7"]
[EventCountry "CAN"]
[SourceTitle "EXT 2022"]
[Source "ChessBase"]
[SourceDate "2021.10.06"]
[SourceVersion "1"]
[SourceVersionDate "2021.10.06"]
[SourceQuality "1"]

1. d4 d5 2. c4 c6 3. Nf3 Nf6 4. Nc3 dxc4 5. a4 Bf5 6. Ne5 Nbd7 7. Nxc4 Nb6 8. Ne5 a5 9. f3 Nfd7 10. Nxd7 Nxd7 11. e4 Bg6 12. Qb3 e5 13. Be3 exd4 14. Bxd4 Bc5 15. Rd1 Qc7 16. Be2 Bxd4 17. Rxd4 Nc5 18. Qd1 Qb6 19. Rd2 O-O 20. Kf1 f5 21. e5 f4 22. Bc4+ Kh8 23. e6 Rae8 24. Qe2 Rf6 25. e7 Qc7 26. Kf2 Rxe7 27. Qd1 Qb6 28. Rd8+ Re8 29. Rxe8+ Bxe8 30. Qe2 Nd7+ 31. Kf1 Bg6 32. g3 fxg3 33. hxg3 Ne5 34. Qxe5 Rxf3+ 35. Ke2 Qf2+ 36. Kd1 Re3 37. Qb8+ Re8 0-1

[Event "CYCC U14"]
[Site "Vancouver CAN"]
[Date "2012.07.05"]
[Round "7"]
[White "Hunter, Harold"]
[Black "Hewson, Scott"]
[Result "1-0"]
[WhiteElo "1154"]
[BlackElo "825"]
[PlyCount "119"]
[GameId "2160767909508915"]
[EventDate "2012.07.03"]
[EventType "swiss"]
[EventRounds "7"]
[EventCountry "CAN"]
[SourceTitle "EXT 2022"]
[Source "ChessBase"]
[SourceDate "2021.10.06"]
[SourceVersion "1"]
[SourceVersionDate "2021.10.06"]
[SourceQuality "1"]

1. Nf3 Nc6 2. d4 e6 3. a3 Qf6 4. Nc3 e5 5. Be3 Qf5 6. Nd5 Bd6 7. h3 exd4 8. Bxd4 Qxd5 9. Bxg7 Qxd1+ 10. Rxd1 Bc5 11. e3 Bb6 12. Bxh8 Ba5+ 13. c3 Nge7 14. g4 Ng6 15. Bf6 d6 16. Ng5 Nce5 17. Bxe5 Nxe5 18. f4 Ng6 19. Nf3 Be6 20. Bg2 Bb3 21. Rd2 Bb6 22. Nd4 Nh4 23. Nxb3 Nxg2+ 24. Rxg2 Bxe3 25. Rf1 Bb6 26. Re2+ Kd8 27. f5 Kd7 28. a4 a5 29. Nd4 f6 30. Rd2 Bc5 31. Ne6 Bb6 32. g5 fxg5 33. Nxg5 h6 34. Nh7 Rh8 35. f6 Rxh7 36. f7 Rxf7 37. Rxf7+ Ke6 38. Rh7 d5 39. Rxh6+ Ke5 40. Re2+ Kf5 41. Rxb6 cxb6 42. Kf1 b5 43. axb5 a4 44. h4 Kg4 45. Rf2 Kxh4 46. Rg2 Kh3 47. Rg8 a3 48. bxa3 Kh4 49. Ke2 Kh5 50. Kd3 Kh6 51. Kd4 Kh7 52. Rg1 b6 53. Kxd5 Kh6 54. Kc6 Kh5 55. Kxb6 Kh4 56. Kc5 Kh3 57. b6 Kh2 58. Rg8 Kh3 59. b7 Kh4 60. b8=Q 1-0

[Event "CYCC U14"]
[Site "Vancouver CAN"]
[Date "2012.07.05"]
[Round "7"]
[White "Jensen, Jacob"]
[Black "Rahemtulla, Adam"]
[Result "1/2-1/2"]
[WhiteElo "1639"]
[BlackElo "1332"]
[PlyCount "82"]
[GameId "2160767909508916"]
[EventDate "2012.07.03"]
[EventType "swiss"]
[EventRounds "7"]
[EventCountry "CAN"]
[SourceTitle "EXT 2022"]
[Source "ChessBase"]
[SourceDate "2021.10.06"]
[SourceVersion "1"]
[SourceVersionDate "2021.10.06"]
[SourceQuality "1"]

1. e4 e5 2. Nf3 Nc6 3. Bc4 Nf6 4. Ng5 d5 5. exd5 b5 6. Bxb5 Qxd5 7. Bxc6+ Qxc6 8. Qf3 e4 9. Qc3 Qxc3 10. Nxc3 Bb7 11. O-O h6 12. Ngxe4 Ng4 13. h3 Ne5 14. d4 Ng6 15. Re1 O-O-O 16. Be3 f5 17. Nc5 Bxc5 18. dxc5 Nh4 19. Nb5 Bxg2 20. Bf4 Ba8 21. Re7 Rd7 22. Nxa7+ Kd8 23. Rxd7+ Kxd7 24. Rd1+ Ke7 25. Bxc7 Be4 26. Bd6+ Ke6 27. c6 Bxc2 28. Rc1 Be4 29. Bg3 Nf3+ 30. Kf1 g5 31. c7 Bb7 32. c8=Q+ Bxc8 33. Rxc8 Rxc8 34. Nxc8 f4 35. Bxf4 gxf4 36. Ke2 Ng1+ 37. Kd3 Nxh3 38. Ke4 Nxf2+ 39. Kxf4 Nd3+ 40. Kg4 Nxb2 41. Kh5 Kd5 1/2-1/2

[Event "CYCC U14"]
[Site "Vancouver CAN"]
[Date "2012.07.05"]
[Round "7"]
[White "Kong, Dezheng"]
[Black "Li, Yinshi"]
[Result "1/2-1/2"]
[WhiteElo "2068"]
[BlackElo "1857"]
[PlyCount "51"]
[GameId "2160767909508917"]
[EventDate "2012.07.03"]
[EventType "swiss"]
[EventRounds "7"]
[EventCountry "CAN"]
[SourceTitle "EXT 2022"]
[Source "ChessBase"]
[SourceDate "2021.10.06"]
[SourceVersion "1"]
[SourceVersionDate "2021.10.06"]
[SourceQuality "1"]

1. Nc3 d5 2. e4 e6 3. d4 Bb4 4. e5 c5 5. a3 Bxc3+ 6. bxc3 Ne7 7. Qg4 Qc7 8. Qxg7 Rg8 9. Qxh7 cxd4 10. Ne2 Nbc6 11. Qd3 dxc3 12. Qxc3 Qxe5 13. Qxe5 Nxe5 14. Nd4 a6 15. f4 N5c6 16. Bb2 Nxd4 17. Bxd4 Nf5 18. Bf2 Bd7 19. a4 Rc8 20. Kd2 Nd6 21. Bd4 Ne4+ 22. Kc1 Nc5 23. Bxc5 Rxc5 24. a5 Bb5 25. g3 Ke7 26. Bxb5 1/2-1/2

[Event "CYCC U14"]
[Site "Vancouver CAN"]
[Date "2012.07.05"]
[Round "7"]
[White "Kuttner, Simon"]
[Black "Boucher, Maxime"]
[Result "1-0"]
[WhiteElo "1777"]
[BlackElo "1166"]
[PlyCount "100"]
[GameId "2160767909508918"]
[EventDate "2012.07.03"]
[EventType "swiss"]
[EventRounds "7"]
[EventCountry "CAN"]
[SourceTitle "EXT 2022"]
[Source "ChessBase"]
[SourceDate "2021.10.06"]
[SourceVersion "1"]
[SourceVersionDate "2021.10.06"]
[SourceQuality "1"]

1. e4 e5 2. Nf3 Nc6 3. Bc4 g6 4. d3 Bg7 5. Nc3 Nf6 6. Bg5 d6 7. h3 O-O 8. Qd2 Nd4 9. Nxd4 exd4 10. Ne2 c5 11. h4 Qb6 12. Bb3 Be6 13. O-O-O Bxb3 14. cxb3 Ng4 15. Rdf1 h5 16. f3 Ne3 17. Bxe3 dxe3 18. Qxe3 Kh7 19. Kb1 Bh6 20. f4 Bg7 21. Qf3 Rac8 22. g4 c4 23. dxc4 Rxc4 24. gxh5 d5 25. hxg6+ fxg6 26. exd5 Qf6 27. Nc3 Rxf4 28. Qxf4 Qxf4 29. Rxf4 Rxf4 30. h5 gxh5 31. Rxh5+ Bh6 32. Rh1 Kg6 33. Re1 Bg5 34. Kc2 Bh4 35. Re2 Kg5 36. Kd3 Bf2 37. Ne4+ Kf5 38. Rxf2 Rxf2 39. Nxf2 b5 40. Kd4 a5 41. Kc5 a4 42. bxa4 bxa4 43. b4 axb3 44. axb3 Kf6 45. Kc6 Ke7 46. b4 Kd8 47. b5 Kc8 48. d6 Kd8 49. b6 Kc8 50. Nd3 Kb8 1-0

[Event "CYCC U14"]
[Site "Vancouver CAN"]
[Date "2012.07.05"]
[Round "7"]
[White "MacIvor, Mac"]
[Black "Hewson, Andrew"]
[Result "0-1"]
[WhiteElo "870"]
[BlackElo "870"]
[PlyCount "44"]
[GameId "2160767909508919"]
[EventDate "2012.07.03"]
[EventType "swiss"]
[EventRounds "7"]
[EventCountry "CAN"]
[SourceTitle "EXT 2022"]
[Source "ChessBase"]
[SourceDate "2021.10.06"]
[SourceVersion "1"]
[SourceVersionDate "2021.10.06"]
[SourceQuality "1"]

1. e4 e6 2. e5 Nc6 3. Qe2 Nd4 4. Qd3 c5 5. c3 Nc6 6. Na3 Nxe5 7. Nf3 Nxd3+ 8. Ke2 Nf4+ 9. Ke3 Nd5+ 10. Kd3 Ngf6 11. Kc2 Ne4 12. d4 Nxf2 13. Bg5 f6 14. Rg1 fxg5 15. dxc5 Bxc5 16. Bc4 Ne3+ 17. Kd2 Ne4+ 18. Kd3 d5 19. Bb5+ Bd7 20. Bxd7+ Qxd7 21. Nc2 Qb5+ 22. c4 Qxc4# 0-1

[Event "CYCC U14"]
[Site "Vancouver CAN"]
[Date "2012.07.05"]
[Round "7"]
[White "Raymond, Alex"]
[Black "Washimkar, Atharva"]
[Result "0-1"]
[WhiteElo "921"]
[BlackElo "1417"]
[PlyCount "55"]
[GameId "2160767909508920"]
[EventDate "2012.07.03"]
[EventType "swiss"]
[EventRounds "7"]
[EventCountry "CAN"]
[SourceTitle "EXT 2022"]
[Source "ChessBase"]
[SourceDate "2021.10.06"]
[SourceVersion "1"]
[SourceVersionDate "2021.10.06"]
[SourceQuality "1"]

1. g3 c6 2. Bg2 g6 3. e4 Bg7 4. Nf3 d6 5. O-O Nf6 6. d3 Nbd7 7. Bh3 O-O 8. Bxd7 Bxd7 9. Re1 Qb6 10. Ng5 h6 11. Be3 Qxb2 12. Nd2 hxg5 13. Bxg5 Qb6 14. e5 dxe5 15. Nc4 Qc7 16. Nxe5 e6 17. Bf4 Nd5 18. Nxg6 Nxf4 19. Nxf8 Kxf8 20. gxf4 Qxf4 21. Qh5 b6 22. Rad1 Bd4 23. Kh1 c5 24. Rf1 Bc6+ 25. f3 Ke7 26. Qg4 Qxg4 27. Rg1 Bxf3+ 28. Rg2 0-1

[Event "CYCC U14"]
[Site "Vancouver CAN"]
[Date "2012.07.05"]
[Round "7"]
[White "Thanabalachandran, Kajan"]
[Black "Plotkin, Mark"]
[Result "1-0"]
[WhiteElo "1509"]
[BlackElo "1976"]
[PlyCount "63"]
[GameId "2160767909508921"]
[EventDate "2012.07.03"]
[EventType "swiss"]
[EventRounds "7"]
[EventCountry "CAN"]
[SourceTitle "EXT 2022"]
[Source "ChessBase"]
[SourceDate "2021.10.06"]
[SourceVersion "1"]
[SourceVersionDate "2021.10.06"]
[SourceQuality "1"]

1. e4 c5 2. Nf3 d6 3. d4 cxd4 4. Nxd4 Nf6 5. Nc3 g6 6. Be3 Bg7 7. f3 Nc6 8. Qd2 O-O 9. O-O-O d5 10. exd5 Nxd5 11. Nxc6 bxc6 12. Bd4 Qc7 13. Bxg7 Kxg7 14. Bc4 Nb6 15. Bd3 Be6 16. Kb1 Rfd8 17. Qe2 Rab8 18. h4 Qf4 19. h5 Nd5 20. Nxd5 Bxd5 21. Qxe7 Rxb2+ 22. Kxb2 Rb8+ 23. Kc3 c5 24. Qxc5 Qe5+ 25. Kd2 Qg5+ 26. Qe3 Qxg2+ 27. Qe2 Qg5+ 28. Qe3 Qg2+ 29. Kc1 Qg3 30. Qd4+ Kg8 31. hxg6 Qg5+ 32. f4 1-0

[Event "CYCC U14"]
[Site "Vancouver CAN"]
[Date "2012.07.06"]
[Round "7"]
[White "Balachandran, Shesan"]
[Black "Huneault, Nicholas"]
[Result "1-0"]
[WhiteElo "1018"]
[BlackElo "1164"]
[PlyCount "55"]
[GameId "2160767909508922"]
[EventDate "2012.07.03"]
[EventType "swiss"]
[EventRounds "7"]
[EventCountry "CAN"]
[SourceTitle "hb 2012"]

1. d4 d5 2. c4 c6 3. e3 Bf5 4. Nc3 Nf6 5. h3 Nbd7 6. Nf3 Be4 7. Nxe4 Nxe4 8. cxd5 cxd5 9. Ne5 Nxe5 10. dxe5 e6 11. Qa4+ Ke7 12. b3 Nc5 13. Ba3 Qc7 14. Rc1 Kd8 15. Qh4+ Be7 16. Qg4 Qa5+ 17. Bb4 Qxa2 18. Be2 Nd3+ 19. Bxd3 Bxb4+ 20. Kf1 Qd2 21. Qd1 Qb2 22. g3 Ke7 23. Rc7+ Kd8 24. Rxf7 Rc8 25. Kg2 Ke8 26. Qh5 Kd8 27. Qg5+ Be7 28. Qxe7# 1-0

[Event "CYCC U14"]
[Site "Vancouver CAN"]
[Date "2012.07.06"]
[Round "7"]
[White "Rathburn, Hector"]
[Black "Herdin, Matthew"]
[Result "0-1"]
[WhiteElo "1671"]
[BlackElo "1923"]
[PlyCount "80"]
[GameId "2160767909508923"]
[EventDate "2012.07.03"]
[EventType "swiss"]
[EventRounds "7"]
[EventCountry "CAN"]
[SourceTitle "hb 2012"]

1. d4 Nf6 2. c4 g6 3. Nc3 Bg7 4. e4 d6 5. Nf3 O-O 6. Be2 Nbd7 7. O-O c5 8. d5 a6 9. Bg5 b5 10. cxb5 axb5 11. Bxb5 Ba6 12. Bxa6 Rxa6 13. Nd2 Qb8 14. Qe2 Rb6 15. Nc4 Rb4 16. f3 Nb6 17. Na5 Na4 18. Nxa4 Rxa4 19. Nc6 Qb7 20. b3 Raa8 21. Rac1 e6 22. Qd2 exd5 23. exd5 Rfe8 24. Bf4 Nxd5 25. Qxd5 Rac8 26. Rfe1 Bd4+ 27. Kh1 Rxe1+ 28. Rxe1 Qxc6 29. Qxd6 Re8 30. Rc1 Qb5 31. Bg3 Qe2 32. a4 Qb2 33. Rf1 Re2 34. Bf4 Rf2 35. Re1 Qe2 36. Rg1 Rf1 37. Qb8+ Kg7 38. Be5+ Bxe5 39. Qxe5+ Qxe5 40. Rxf1 Qb2 0-1

[Event "CYCC U14"]
[Site "Vancouver CAN"]
[Date "2012.07.06"]
[Round "7"]
[White "Shi, Diwen"]
[Black "Cui, Karl"]
[Result "1-0"]
[WhiteElo "1803"]
[BlackElo "1307"]
[PlyCount "83"]
[GameId "2160767909508924"]
[EventDate "2012.07.03"]
[EventType "swiss"]
[EventRounds "7"]
[EventCountry "CAN"]
[SourceTitle "hb 2012"]

1. e4 c6 2. Ne2 d5 3. e5 Bf5 4. d4 e6 5. Ng3 Bg6 6. h4 h6 7. h5 Bh7 8. Bd3 Bxd3 9. cxd3 Nd7 10. Be3 c5 11. Nd2 cxd4 12. Bxd4 Ne7 13. Bc3 Nc6 14. d4 b5 15. Nf3 Qb6 16. b3 Ba3 17. Rb1 Rc8 18. Qd3 a5 19. O-O O-O 20. Ne1 Bb4 21. Bxb4 Nxb4 22. Qd2 Rc7 23. Ne2 Rfc8 24. Rb2 Nc6 25. f4 f6 26. f5 exf5 27. e6 Nf8 28. Qe3 Ne5 29. Nf4 Rd8 30. Nc2 Ng4 31. Qd3 Ne5 32. Qxf5 Re7 33. Kh1 Nc6 34. Nxd5 Rxd5 35. Qxd5 Rxe6 36. Rbb1 Ne7 37. Qf3 Nh7 38. Rbe1 Ng5 39. Qd3 Rxe1 40. Rxe1 Nd5 41. Re8+ Kf7 42. Qg6# 1-0

[Event "CYCC U14"]
[Site "Vancouver CAN"]
[Date "2012.07.06"]
[Round "7"]
[White "Zhang, Yutong"]
[Black "Sun, Ziyao"]
[Result "1/2-1/2"]
[WhiteElo "1843"]
[BlackElo "1251"]
[PlyCount "47"]
[GameId "2160767909508925"]
[EventDate "2012.07.03"]
[EventType "swiss"]
[EventRounds "7"]
[EventCountry "CAN"]
[SourceTitle "hb 2012"]

1. e4 e6 2. d4 d5 3. e5 c5 4. c3 Nc6 5. Nf3 Qb6 6. Be2 cxd4 7. cxd4 Nge7 8. a3 Nf5 9. b4 Nfxd4 10. Nxd4 Nxd4 11. Be3 Bxb4+ 12. axb4 Qxb4+ 13. Bd2 Qb2 14. Bc3 Qxe2+ 15. Qxe2 Nxe2 16. Kxe2 Bd7 17. Nd2 Bb5+ 18. Ke3 Kd7 19. Bd4 a5 20. Nb3 a4 21. Nc5+ Kc8 22. Rhb1 Bc6 23. Rc1 Kd8 24. Rab1 1/2-1/2